000 01227cam a2200361 4500
003 PE-LiUPU
005 20250731184116.0
020 _a8449964156
035 _a(Sirsi) i9788449964152
035 _a(Sirsi) 15073
035 _a(Sirsi) 15073
041 _aes
044 _aar
082 0 4 _a808.8
_bQ19
100 1 _aQuasimodo, Salvatore
245 _aY enseguida amochece y otros poemas.
264 1 _aBuenos Aires :
_bHyspamérica Ediciones Argentina,
_c1983
300 _a155 páginas ;
_c20 cm.
490 0 _aLos Premios Nobel
_v11
505 0 _aY enseguida anochece -- Día tras día -- La vida no es sueño -- El falso y el verdadero verde -- La tierra incomparable -- Dar y tener.
526 _aP145
526 _aP127
526 _aP97
526 _aP14
526 _aP07
650 _jLITERATURA CLASICA
942 _2ddc
_cBOOK
949 _a808.8 Q19
_i24617
_lCCODEBUL1
_mBUL
_tLIBRO
_o.STAFF. Circulación
859 _q24617
_h808.8
_iQ19
910 _aaj-em
596 _a1
999 _a808.8 Q19
_wDEWEY
_c52307
_i24617
_f2021-11-5
_g5
_lCCODEBUL1
_mBUL
_r0
_sY
_tBOOK
_u2015-6-16
_xBIBLIOTECA
_PP20
_0COMPRA
_o.STAFF. Colección General
_d52307
980 _81
_gALBERTO SANCHEZ Responsable de Automatización